1255 1156 1128 1148 1422 1881 1950 1791 1840 1737 1295 1033 1336 1572 1483 1760 1684 1769 1850 1807 1597 1450 1433 1177 1777 1232 1244 1023 1005 1419 1978 1227 1094 1473 1912 1216 1967 1055 1907 1672 1148 1756 1169 1973 1374 1664 1571 1013 1886 1611 1767 1306 1493 1132 1595 1083 1708 1135 1619 1052 1501 1345 1606 1738 1846 1288 1175 1345 1957 1068 1280 1295 1993 1866 1539 1605 1633 1111 1309 1730 1197 1766 1613 1040 1588 1121 1262 1857 1847 1866 1640 1426 1421 1511 1386 1885 1259 1956 1762 BCNSPRNW ULIB Ver.6.0+V

เปลี่ยนเป็นภาษาไทย

Change to English
 แสดงรายละเอียดบรรณานุกรม
  กลับหน้าหลัก

Brief Record : Get Marc (ISO 2709) : E-mail record : QR code < ปิดหน้าต่าง
LEADER : 00000nam 2200000uu 4500
001    13399121031
003     ULIB
008    121031s2550||||th 000 0 tha d
020    ^a9749437586
020    ^a9789749437582
041    ^atha^heng
050  4 ^aHD69^bอ581ก 2550
100 1  ^aอัสติน, โรเบิร์ต ดี.
245 10 ^aการบริหารโครงการ =^bManaging projects large and small /^cRobert D. Austin ; คมสัน ขจรชีพพันธุ์งาม, แปลและเรียบเรียง
246 31 ^aManaging projects large and small
250    ^aพิมพ์ครั้งที่ 3
260    ^aกรุงเทพฯ :^bเอ็กซเปอร์เน็ท,^c2550
300    ^a254 หน้า :^bภาพประกอบ ;^c24 ซม.
440  0 ^aHarvard business essentials series
440  4 ^aหนังสือชุด หัวใจในการบริหารธุรกิจ"ของมหาวิทยาลัยฮาร์วาร์ด
650  7 ^aการบริหารโครงการ
700 0  ^aคมสัน ขจรชีพพันธุ์งาม,^eผู้แปล
700 1  ^aAustin, Robert D.
945    ^p0^l0^i14500
995    ^aกัณชพร
999    ^aใช้งานได้ทุกระบบ
รายการนี้ยังไม่มีแท็ก
คุณยังไม่ได้ล็อกอิน คุณสามารถมีกิจกรรมร่วมกับเว็บไซต์ได้ แต่ต้องล็อกอินก่อน ::
  ล็อกอิน

รายการสื่อสารสนเทศ

ลำดับที่ ประเภท เลขเรียก/บาร์โค้ด สถานที่ สถานะ
1. วิทยาศาสตร์การแพทย์ และสุขภาพ
วิทยาศาสตร์การแพทย์ และสุขภาพ
HD69 อ581ก 2550  
  Barcode: 14500
ห้องสมุดวิทยาเขตสวรรค์ประชารักษ์
►หนังสือทั่วไป
บนชั้น

รายการใกล้เคียง
    ผู้แต่ง [อัสติน, โรเบิร์ต ดี.]

    หัวเรื่อง [การบริหารโครงการ]

BibComment


ยังไม่เคยถูกคอมเมนท์

คอมเมนท์ทรัพยากรรายการนี้
  คอมเมนท์: การบริหารโครงการ..


 Copyright 2026. Bcnsprnw @Library